Statistics for Countries by First Two Letters in 2 Minutes

Click here to take the quiz!

General Stats

  • This quiz has been taken 37 times
  • The average score is 154 of 196

Answers on the Map

Answers color-coded by a green-red scale on the quiz's map according to % correct below.
 

Answer Stats

Country% Correct
Argentina
100%
Armenia
100%
Cambodia
100%
Cameroon
100%
Canada
100%
Cape Verde
100%
Mexico
100%
Pakistan
100%
Palau
100%
Panama
100%
Papua New Guinea
100%
Paraguay
100%
Saint Kitts and Nevis
100%
Saint Lucia
100%
Saint Vincent and the
Grenadines
100%
Solomon Islands
100%
Somalia
100%
South Africa
100%
South Korea
100%
South Sudan
100%
Bolivia
96%
Bosnia and
Herzegovina
96%
Botswana
96%
Democratic Republic
of the Congo
96%
Eswatini
96%
Liberia
96%
Libya
96%
Liechtenstein
96%
Lithuania
96%
North Korea
96%
North Macedonia
96%
Norway
96%
Sudan
96%
Suriname
96%
United Arab Emirates
96%
United Kingdom
96%
United States
96%
Belarus
92%
Belgium
92%
Belize
92%
Benin
92%
Brazil
92%
Brunei
92%
Chad
92%
Chile
92%
China
92%
Colombia
92%
Comoros
92%
Costa Rica
92%
France
92%
Guatemala
92%
Guinea
92%
Guinea-Bissau
92%
Guyana
92%
India
92%
Indonesia
92%
Iran
92%
Iraq
92%
Ireland
92%
Ivory Coast
92%
Madagascar
92%
Malawi
92%
Malaysia
92%
Maldives
92%
Mali
92%
Malta
92%
Marshall Islands
92%
Mauritania
92%
Mauritius
92%
Moldova
92%
Monaco
92%
Mongolia
92%
Montenegro
92%
Morocco
92%
Mozambique
92%
Poland
92%
Portugal
92%
Republic of the Congo
92%
Russia
92%
Samoa
92%
San Marino
92%
São Tomé and Príncipe
92%
Saudi Arabia
92%
Andorra
88%
Angola
88%
Antigua and Barbuda
88%
Fiji
88%
Finland
88%
Nepal
88%
Netherlands
88%
New Zealand
88%
Nicaragua
88%
Niger
88%
Nigeria
88%
Sweden
88%
Switzerland
88%
Venezuela
88%
Albania
85%
Algeria
85%
Denmark
85%
Egypt
85%
Georgia
85%
Germany
85%
Jamaica
85%
Japan
85%
Kazakhstan
85%
Myanmar
85%
Peru
85%
Spain
85%
Yemen
85%
Australia
81%
Austria
81%
Oman
81%
Taiwan
81%
Tajikistan
81%
Tanzania
81%
Tunisia
81%
Turkey
81%
Turkmenistan
81%
Tuvalu
81%
Ukraine
81%
Romania
77%
Senegal
77%
Serbia
77%
Seychelles
77%
Uruguay
77%
Bahamas
73%
Bahrain
73%
Bangladesh
73%
Barbados
73%
Bulgaria
73%
Burkina Faso
73%
Burundi
73%
Ecuador
73%
Estonia
73%
Ethiopia
73%
Greece
73%
Grenada
73%
Italy
73%
Laos
73%
Latvia
73%
Afghanistan
69%
Kenya
69%
Vietnam
69%
Haiti
65%
Honduras
65%
Hungary
65%
Iceland
65%
Namibia
65%
Nauru
65%
Cuba
62%
Jordan
62%
Czech Republic
58%
Dominica
58%
Dominican Republic
58%
Kyrgyzstan
58%
Philippines
58%
Syria
58%
Thailand
58%
Togo
58%
Tonga
58%
Uzbekistan
58%
Croatia
54%
Sierra Leone
54%
Singapore
54%
Slovakia
54%
Slovenia
54%
Zambia
54%
Central African Republic
50%
Gabon
50%
Gambia
50%
Ghana
50%
Israel
50%
Lebanon
50%
Lesotho
50%
Zimbabwe
50%
Bhutan
46%
El Salvador
46%
Rwanda
46%
Uganda
46%
Vanuatu
46%
Vatican City
46%
Azerbaijan
42%
Eritrea
42%
Kosovo
42%
Luxembourg
42%
Djibouti
38%
Sri Lanka
38%
Equatorial Guinea
35%
Federated States of
Micronesia
35%
Kiribati
35%
Qatar
35%
Trinidad and Tobago
35%
East Timor
31%
Kuwait
31%
Cyprus
27%

Score Distribution

Percentile by Number Answered

Percent of People with Each Score

Your Score History

You have not taken this quiz